000 00416nam a2200169Ia 4500
008 230524s9999 xx 000 0 und d
082 _a540
_bAUR
100 _aJ.C.Kuriacose
245 0 _aChemistry in Engineering and Technology Vol-I
250 _a1ST
260 _aNEW DELHI
_bTMH
_c2001
300 _aXVI;655
500 _aQuantity Number: 2
650 _aChemistry
700 _a J.Rajaraman
942 _cBK
999 _c30523
_d30523